01123cam a2200217 4500001000500000005001700005008003900022010001700061020001500078020001800093043001200111100002900123245013100152260003800283300004800321504006600369505025200435610009600687650006300783650005900846259920181127165337.0061006s2007 nyuaf b 001 0 eng a 2006033620 a1594201013 a9781594201011 an-us---1 aGreenburg, Jan Crawford.10aSupreme conflict :bthe inside story of the struggle for control of the United States Supreme Court /cJan Crawford Greenburg. aNew York :bPenguin Press,c2007. a340 p., [16] p. of plates :bill. ;c25 cm. aIncludes bibliographical references (p. [321]-330) and index.0 aDay's end -- Settling for Tony -- False hopes -- The devil you don't -- ""The youngest, cruelest justice"" -- Change of heart -- The Clinton way -- The natural -- ""Except he's not a woman"" -- ""Trust me"" -- Deconstructing Miers -- A full count.10aUnited States.bSupreme CourtxOfficials and employeesxSelection and appointmentxHistory. 0aJudgesxSelection and appointmentzUnited StatesxHistory. 0aPolitical questions and judicial powerzUnited States.